| 000 | 00393nam a2200145Ia 4500 | ||
|---|---|---|---|
| 008 | 230917s9999||||xx |||||||||||||| ||und|| | ||
| 040 |
_e105814 _aMAIN |
||
| 041 | _aEnglish | ||
| 082 | _a301.04 G346 M; L | ||
| 100 | _aMomin , A R , ed. | ||
| 245 | 4 | _aThe legacy of G.S.Ghurye: a centennial fertschirft | |
| 260 |
_aBombay _bPopular prakashan _c1996 |
||
| 300 | _axvii,210p p. | ||
| 942 | _cBK | ||
| 999 |
_c110265 _d110265 |
||